Countries A-Z with the Most Nuclear Reactors - Statistics

General Stats
  • This quiz has been taken 81 times
  • The average score is 14 of 18
Answer Stats
Letter Number of reactors Country % Correct
C 81 China
100%
U 94 United States
99%
F 63 France
96%
R 40 Russia
96%
G (36 reactors no longer operating) Germany
94%
J 14 Japan
93%
I 30 India
88%
H 4 Hungary
79%
K (1 reactor no longer operating) Kazakhstan
75%
M 2 Mexico
75%
S 28 South Korea
75%
P 6 Pakistan
74%
A 4 Argentina
71%
B 5 Belgium
71%
L (2 reactors no longer operating) Lithuania
64%
E 3 Egypt
61%
N 1 Netherlands
60%
T 2 Taiwan
43%
No matching quizzes found
Score Distribution
Percent of People with Each Score
Percentile by Number Answered
Your Score History
You have not taken this quiz